| Tag |
First Indicator |
Second Indicator |
Subfields |
| LEADER |
00000cam a2200000 a 4500 |
| 001 |
in00000030885 |
| 005 |
20151007054902.0 |
| 008 |
880615s1988 pau 00010 eng d |
| 010 |
|
|
|a 87071459
|
| 020 |
|
|
|a 0887480667
|
| 020 |
|
|
|a 0887480675 (pbk.)
|
| 035 |
|
|
|a (OCoLC)18092893
|
| 035 |
|
|
|9 AAB6526AM
|
| 040 |
|
|
|a BXM
|c BXM
|d TXA
|d UtOrBLW
|
| 049 |
|
|
|a TXAM
|c [A11522973]
|
| 050 |
|
4 |
|a PS3573.I357
|b B66 1988
|
| 100 |
1 |
|
|a Wier, Dara,
|d 1949-
|
| 245 |
1 |
4 |
|a The book of knowledge :
|b poems /
|c by Dara Wier.
|
| 250 |
|
|
|a 1st ed.
|
| 264 |
|
1 |
|a Pittsburgh :
|b Carnegie Mellon University Press,
|c 1988.
|
| 300 |
|
|
|a 72 pages ;
|c 23 cm.
|
| 336 |
|
|
|a text
|b txt
|2 rdacontent
|
| 337 |
|
|
|a unmediated
|b n
|2 rdamedia
|
| 338 |
|
|
|a volume
|b nc
|2 rdacarrier
|
| 999 |
|
|
|a MARS
|
| 999 |
f |
f |
|s 5e57200d-a439-35b8-a3c9-5b0331955023
|i ae78d5f7-92e9-3f41-8909-65a1c30102d9
|t 0
|
| 952 |
f |
f |
|p normal
|a Texas A&M University
|b College Station
|c Sterling C. Evans Library
|d Evans: Library Stacks
|t 0
|e PS3573.I357 B66 1988
|h Library of Congress classification
|i unmediated -- volume
|m A14811522973
|
| 998 |
f |
f |
|a PS3573.I357 B66 1988
|t 0
|l Evans: Library Stacks
|